Jména římských bohů - Statistics

General Stats
  • This quiz has been taken 40 times
  • The average score is 8 of 47
Answer Stats
Definice boha Jméno % Correct
bůh nebe a hromů, král bohů Jupiter
76%
bůh války Mars
73%
bohyně lásky a krásy Venuše
70%
bůh času Saturn
67%
bůh obchodu Merkur
61%
král podsvětí Pluto
52%
bohyně lovu a měsíce Diana
48%
bůh moří Neptune
48%
ztělesnění lásky Amor
30%
bohyně manželství a manželka krále bohů Juno
30%
bůh Slunce Apollo
27%
bůh vína Bakchus
21%
panenská bohyně moudrosti Minerva
21%
bohyně šťastné náhody Fortuna
15%
bohyně války Bellona
12%
bohyně plodnosti úrody Ceres
12%
bůh síly, píle, vytrvalosti Hercules
12%
bůh lesů Faun
9%
bůh plodnosti Liber
9%
bohyně Měsíce Luna
9%
božstvo slunce Sol
9%
bohyně vítezství Viktoria
9%
bůh ohně a kovářů Vulcan
9%
bohyně svítání Aurora
6%
bůh vrat a dveří, začátků a konců Janus
6%
bohyně svobody Liberta
6%
královna podsvětí Proserpina
6%
bohyně rodinného krbu Vesta
6%
bohyně květů a jara Flora
3%
bohyně práva a spravedlnosti Justitia
3%
bohyně ovoce Pomona
3%
bůh spánku Somnus
3%
bůh lékařství Aesculapius
0%
bůh nebe a samo nebe Caelus
0%
bohyně porodu Carmentis
0%
bůh podsvětí Dispater
0%
bůh osudu Fatum
0%
bůh pramenů a tekoucí vody Fons
0%
bohyně pomsty a kletby Furie
0%
bohyně zpěvu Kamény
0%
bohyně zisku a podvodu Laverna
0%
bůh podsvětí Orcus
0%
bůh přístavů Portunus
0%
ochránce Římanů Quirinus
0%
bůh lesů a stád Silvanus
0%
bohyně země, plodnosti a úrody Tellus
0%
bůh řek Volturnus
0%
No matching quizzes found
Score Distribution
Percent of People with Each Score
Percentile by Number Answered
Your Score History
You have not taken this quiz